The human community ; its philosophy and practice for a time of crisis.

Bibliographic Details
Main Author: Brownell, Baker, 1887-1965
Format: Book
Language:English
Published: New York : Harper, [1950]
Edition:1st ed.
Subjects:

MARC

Tag First Indicator Second Indicator Subfields
LEADER 00000cam a2200000 4500
001 in00000068567
005 20151008050232.0
008 730222s1950 nyu b 00000 eng u
010 |a  50009899  
035 |a (OCoLC)00562735 
035 |9 AAG0105AM 
040 |c CSU  |d TXA  |d UtOrBLW 
049 |a TXAM  |c 1 [191461] 
050 0 |a HM131  |b .B73 
092 |a 323.35  |b B884h 
100 1 |a Brownell, Baker,  |d 1887-1965. 
245 1 4 |a The human community ;  |b its philosophy and practice for a time of crisis. 
250 |a 1st ed. 
264 1 |a New York :  |b Harper,  |c [1950] 
300 |a vi, 305p. ;  |c 25cm. 
336 |a text  |b txt  |2 rdacontent 
337 |a unmediated  |b n  |2 rdamedia 
338 |a volume  |b nc  |2 rdacarrier 
650 0 |a Community life. 
999 |a MARS 
999 f f |s 3bd4df22-e769-3072-aa44-87bb43e44101  |i 09bb10b6-b72c-368e-ac54-8bb855911e66  |t 0 
952 f f |p ric  |a Texas A&M University  |b Rellis Campus  |c Joint Library Facility  |d Remote Storage  |t 0  |e HM131 .B73  |h Library of Congress classification  |i unmediated -- volume  |m A14800664699 
998 f f |a HM131 .B73  |t 0  |l Remote Storage